000 00674nam a2200241Ia 4500
001 dia_3942
003 CHAP
005 20221002161118.0
008 220117s1984 xx 000 0 und d
010 _a174550
040 _cCHAP
090 _aFOLLETO 2670
100 _aBriaden Camejo, T.
_9155579
245 _aFitotecnia en cultivo de papaya /
_c T. Braden Camejo
260 _aLa Habana, Cuba :
_b CIDA,
_c1984
300 _a39 p.
500 _aC/e \ (Boletín de reseñas ; 19)
650 _aPapaya
_xCultivo
_9136934
901 _aFOLLETO 2670
902 _aM
905 _a0000001984 cu 0000000000spa00
942 _cFOLL
_2local
999 _c174550
_d174550